00471nam a22001457a 450000500170000001000130001702000220003003500130005203700130006510000170007824500850009526000590018027000560023930000300029520180810124834.0 aA-869532 a8120909747c75.00 aA-869532 aDPLbENG aLuthra, H.L. aGautam the Buddha :cH.L. LutharbAn inspiring biography for the young readers / aNew DelhibPitambar Publishing Company (P.) Ltd.c1996 a888, East Park Road, Karol BaghbNew Delhi e110005 a72p.;c25cms.bB&W Photos